书目信息 |
| 题名: |
思科网络实验室CCNP(路由技术)实验指南
|
|
| 作者: | 梁广民 , 王隆杰 编著 | |
| 分册: | ||
| 出版信息: | 北京 电子工业出版社 2012.3 |
|
| 页数: | 11,398页 | |
| 开本: | 26cm | |
| 丛书名: | 思科系列丛书 | |
| 单 册: | ||
| 中图分类: | TN915.05- | |
| 科图分类: | ||
| 主题词: | 计算机网络--路由选择--实验--指南 , 计算机网络 , 路由选择 | |
| 电子资源: | ||
| ISBN: | 978-7-121-16071-4 | |
| 000 | 01134nam0 2200289 450 | |
| 001 | 0400001980 | |
| 005 | 20171019211140.0 | |
| 010 | @a978-7-121-16071-4@dCNY68.00 | |
| 100 | @a20120716e20162012em y0chiy50 ea | |
| 101 | 0 | @achi |
| 102 | @aCN@b110000 | |
| 105 | @aa z 000yy | |
| 106 | @ar | |
| 200 | 1 | @a思科网络实验室CCNP(路由技术)实验指南@9si ke wang luo shi yan shi CCNP( lu you ji shu ) shi yan zhi nan@f梁广民,王隆杰编著 |
| 210 | @a北京@c电子工业出版社@d2012.3@h2016.12 | |
| 215 | @a11,398页@c图@d26cm | |
| 225 | 1 | @a思科系列丛书 |
| 330 | @a本书以cisc02811路由器和catalyst3560交换机为平台,以新版ccnp(route)内容为基础,以实验为依托,从行业的实际需求出发组织全部内容,全书共10章,主要内容包括:实验拓扑和路由器管理、ip路由原理、eigrp、ospf、is-is、路由重分布与路由更新控制等。 | |
| 461 | 0 | @12001 @a思科系列丛书 |
| 606 | 0 | @a计算机网络@x路由选择@x实验@j指南 |
| 606 | 0 | @a计算机网络 |
| 606 | 0 | @a路由选择 |
| 690 | @aTN915.05-@v5 | |
| 701 | 0 | @a梁广民@9liang guang min@f(1972~)@4编著 |
| 701 | 0 | @a王隆杰@9wang long jie@f(1970~)@4编著 |
| 801 | 0 | @aCN@b91MARC@c20171019 |
| 905 | @b1031155-9@dTN915.05-@f5@e161 | |
| 思科网络实验室CCNP(路由技术)实验指南/梁广民,王隆杰编著.-北京:电子工业出版社,2012.3(2016.12) |
| 11,398页:图;26cm.-(思科系列丛书) |
| ISBN 978-7-121-16071-4:CNY68.00 |
| 本书以cisc02811路由器和catalyst3560交换机为平台,以新版ccnp(route)内容为基础,以实验为依托,从行业的实际需求出发组织全部内容,全书共10章,主要内容包括:实验拓扑和路由器管理、ip路由原理、eigrp、ospf、is-is、路由重分布与路由更新控制等。 |
| ● |
| 相关链接 |
|
|
|
|
正题名:思科网络实验室CCNP(路由技术)实验指南
索取号:TN915.05-/161
 
预约/预借
| 序号 | 登录号 | 条形码 | 馆藏地/架位号 | 状态 | 备注 |
| 1 | 1031155 | 210311553 | 第二样本阅览室/ [索取号:TN915.05-/161] | 在馆 | |
| 2 | 1031156 | 210311562 | 密集书库-物理学院/ [索取号:TN915.05-/161] | 在馆 | |
| 3 | 1031157 | 210311571 | 第三借阅区/ [索取号:TN915.05-/161] | 在馆 | |
| 4 | 1031158 | 210311580 | 第三借阅区/ [索取号:TN915.05-/161] | 在馆 | |
| 5 | 1031159 | 210311599 | 第三借阅区/ [索取号:TN915.05-/161] | 在馆 |